[Event "1st Advent"]
[Site "SchemingMind.com"]
[Date "2021.01.21"]
[Round "-"]
[White "Derek Price"]
[Black "Chessibelle"]
[Result "1-0"]
[WhiteCountry "ENG"]
[BlackCountry "ENG"]
[WhiteElo "2240"]
[WhiteRD "74"]
[BlackElo "1102"]
[BlackRD "59"]
[GameID "464765"]

1. c4 e5 2. Nc3 Nc6 3. g3 d6 4. Bg2 Bd7 5. Nf3 Nf6 6. O-O Be7 7. d4 O-O 8. d5 Na5 9. Qd3 g6 10. c5 Ng4
11. b4 Bf5 12. e4 Bd7 13. bxa5 f5 14. exf5 Bxf5 15. Qc4 a6 16. h3 Nh6 17. Bxh6 Rf7 18. g4 Bd7 19. c6 Bc8 20. Rab1 Rb8
21. Be3 Bf6 22. Ne4 Bg7 23. Rfc1 Qe7 24. Ba7 Ra8 25. cxb7 Bxb7 26. Rxb7 Rc8 27. Nfg5 Rff8 28. Ne6 Rf7 29. Qxa6 Qd7 30. Bb8 Qa4
31. Rcxc7 Qd1+ 32. Kh2 h6 33. Rxc8+ Kh7 34. Nf6+ Bxf6 35. Rxf7+ Bg7 36. Rxg7#
1-0

[Event "1st Advent"]
[Site "SchemingMind.com"]
[Date "2021.01.21"]
[Round "-"]
[White "Chessibelle"]
[Black "Derek Price"]
[Result "0-1"]
[WhiteCountry "ENG"]
[BlackCountry "ENG"]
[WhiteElo "1102"]
[WhiteRD "59"]
[BlackElo "2240"]
[BlackRD "74"]
[GameID "464766"]

1. Nf3 Nf6 2. d4 e6 3. Bd2 d5 4. g3 c6 5. e3 Be7 6. Be2 O-O 7. O-O c5 8. a3 Nc6 9. c3 c4 10. b3 Qb6
11. b4 a5 12. Qe1 axb4 13. a4 b3 14. Na3 b2 15. Rb1 Bxa3 16. Ng5 h6 17. Nh3 e5 18. f4 Bxh3 19. Rf2 exd4 20. Rf3 d3
21. Bd1 Bc5 22. Kh1 Rfe8 23. Qf2 Bg4 24. h3 Bxf3+ 25. Qxf3 Ne4 26. Be1 d2 27. Bf2 Nxc3 28. Bc2 Nxb1 29. Bxb1 Qb3 30. Kg2 d1=Q
31. Bf5 Qxf3+
0-1

[Event "1st Advent"]
[Site "SchemingMind.com"]
[Date "2021.02.07"]
[Round "-"]
[White "Daniel Dubé"]
[Black "MichaelChess"]
[Result "0-1"]
[WhiteCountry "CAN"]
[BlackCountry "CUB"]
[WhiteElo "1650"]
[WhiteRD "61"]
[BlackElo "2260"]
[BlackRD "109"]
[GameID "708023"]

1. e4 c5 2. Nf3 d6 3. d4 cxd4 4. Qxd4 Nf6 5. c4 g6 6. Nc3 Bg7 7. Be3 O-O 8. Be2 Ng4 9. Qd2 Nxe3 10. Qxe3 Nc6
11. O-O Bg4 12. h3 Bxf3 13. Bxf3 Qb6 14. Nd5 Qxb2 15. Rab1 Qxa2 16. Rxb7 e6 17. Nc7 Rab8 18. Rfb1 Qxb1+ 19. Rxb1 Rxb1+ 20. Kh2 Be5+
21. g3 Rfb8 22. Nb5 a6 23. Na3 R1b3 24. Qe2 Nd4 25. Qa2 Rb2
0-1

[Event "1st Advent"]
[Site "SchemingMind.com"]
[Date "2021.02.07"]
[Round "-"]
[White "MichaelChess"]
[Black "Daniel Dubé"]
[Result "1-0"]
[WhiteCountry "CUB"]
[BlackCountry "CAN"]
[WhiteElo "2260"]
[WhiteRD "109"]
[BlackElo "1650"]
[BlackRD "61"]
[GameID "708024"]

1. e4 c5 2. Nf3 Nc6 3. d4 cxd4 4. Nxd4 Nf6 5. Nc3 e5 6. Ndb5 d6 7. Bg5 a6 8. Na3 b5 9. Nd5 Be7 10. Bxf6 Bxf6
11. c3 Ne7 12. Nxf6+ gxf6 13. Nc2 f5 14. exf5 Bxf5 15. a4 Rb8 16. Nb4 Qb6 17. a5 Qc5 18. Nxa6 Qc8 19. Qxd6 Rb7 20. Nc5 Rc7
21. Bxb5+ Kf8 22. a6 Rxc5 23. a7 Rxc3 24. a8=Q Rc1+ 25. Ke2 Rc2+ 26. Ke3 Kg7 27. Qxe5+ Kg6 28. Ra6+ Be6 29. Qae4+
1-0

[Event "1st Advent"]
[Site "SchemingMind.com"]
[Date "2021.02.11"]
[Round "-"]
[White "mochiron"]
[Black "Robert Hatfield"]
[Result "0-1"]
[WhiteCountry "JPN"]
[BlackCountry "USA"]
[WhiteElo "1383"]
[WhiteRD "84"]
[BlackElo "1815"]
[BlackRD "57"]
[GameID "708026"]

1. f4 d5 2. Nf3 c5 3. e3 g6 4. Be2 Bg7 5. O-O Nf6 6. d4 O-O 7. dxc5 Nc6 8. Nc3 Qa5 9. Ne5 Qxc5 10. Nxc6 bxc6
11. b4 Qxb4 12. Bd2 Qd6 13. Bf3 Ba6 14. Re1 Rab8 15. Rb1 Rxb1 16. Qxb1 Rb8 17. Qc1 Bc4 18. Be2 Bxe2 19. Nxe2 Ne4 20. Nd4 c5
21. Nf3 Rb2 22. c3 Rxa2 23. Re2 Qa6 24. Qf1 Bxc3 25. Re1 Qxf1+ 26. Rxf1 Bxd2 27. Nxd2 Rxd2 28. g4 Ra2 29. f5 Kg7 30. fxg6 hxg6
31. h4 a5 32. h5= gxh5 33. gxh5 f6 34. h6+ Kxh6 35. Rf5 e6 36. Rf1 c4
0-1

[Event "1st Advent"]
[Site "SchemingMind.com"]
[Date "2021.02.11"]
[Round "-"]
[White "Robert Hatfield"]
[Black "mochiron"]
[Result "1-0"]
[WhiteCountry "USA"]
[BlackCountry "JPN"]
[WhiteElo "1815"]
[WhiteRD "57"]
[BlackElo "1383"]
[BlackRD "84"]
[GameID "708027"]

1. c4 g6 2. g3 Bg7 3. Bg2 d6 4. Nc3 Nf6 5. Nf3 O-O 6. O-O Nc6 7. d3 Bg4 8. h3 Bxf3 9. Bxf3 Ne5 10. Bxb7 Rb8
11. Bg2 Nh5 12. Kh2 e6 13. Qc2 f5 14. f4 Ng4+ 15. hxg4 fxg4 16. Ne4 e5 17. e3 exf4 18. exf4 Rb6 19. Rb1 d5 20. cxd5 Rb4
21. Bd2 Rxe4 22. dxe4 a5 23. Be3 g5 24. Qc6 gxf4 25. Bxf4 Nxf4 26. Rxf4 Rxf4 27. Qe6+ Rf7 28. Rf1 Qf8 29. b3 h5 30. Rf5 h4
31. gxh4 g3+ 32. Kxg3 Be5+ 33. Rxe5 Qg7+ 34. Rg5 Qxg5+ 35. hxg5
1-0

[Event "1st Advent"]
[Site "SchemingMind.com"]
[Date "2021.02.09"]
[Round "-"]
[White "Gilligan"]
[Black "Kenny Elliott"]
[Result "1-0"]
[WhiteCountry "USA"]
[BlackCountry "USA"]
[WhiteElo "1695"]
[WhiteRD "56"]
[BlackElo "1599"]
[BlackRD "60"]
[GameID "708121"]

1. e4 c5 2. Nf3 d6 3. d4 cxd4 4. Nxd4 e5 5. Nb3 Nf6 6. Bd3 Be7 7. O-O O-O 8. N1d2 Be6 9. Nf3 Bxb3 10. cxb3 Nc6
11. Nh4 Nd4 12. Nf5 Nxf5 13. exf5 e4 14. Bc2 d5 15. g4 g6 16. Kh1 Qc7 17. Rg1 Bd6 18. Rg2 Rfe8 19. Bh6 Be5 20. g5 Nd7
21. fxg6 fxg6 22. Qxd5+ Kh8 23. Bxe4 Bxb2 24. Rb1 Bg7 25. Bxg7+ Kxg7 26. Qd4+ Kf8 27. Qh8+ Ke7 28. Qxh7+ Kd8 29. Qxg6 Rb8 30. Rd1 Qe5
31. f3 b5 32. Qf5 Qxf5 33. Bxf5 Re7 34. h4 Rb7 35. g6 Kc8 36. g7 Kb8 37. g8=Q+
1-0

[Event "1st Advent"]
[Site "SchemingMind.com"]
[Date "2021.02.09"]
[Round "-"]
[White "Kenny Elliott"]
[Black "Gilligan"]
[Result "0-1"]
[WhiteCountry "USA"]
[BlackCountry "USA"]
[WhiteElo "1599"]
[WhiteRD "60"]
[BlackElo "1695"]
[BlackRD "56"]
[GameID "708122"]

1. d4 d5 2. c4 e6 3. Nf3 Nf6 4. g3 Be7 5. Bg2 O-O 6. O-O c6 7. Nc3 Nbd7 8. cxd5 cxd5 9. Bf4 a6 10. a3 Nh5
11. Be3 Nhf6 12. Qc2 b5 13. b4 Bb7 14. Nd2 Rc8 15. Qb2 h5 16. h4 Ng4 17. Bf4 Nb6 18. Bf3 Nf6 19. Qb1 Rxc3 20. Be5 Bd6
21. Nb3 Bxe5 22. dxe5 Ng4 23. Nc5 Qc7 24. Rc1 Rxc1+ 25. Qxc1 Ba8 26. Bxg4 hxg4 27. Qg5 Bc6 28. Qxg4 Qxe5 29. Rf1 Nc4 30. Nxa6 Nxa3
31. Nc5 Nc4 32. Nd3 Qf5 33. Qd4 e5 34. Qc5 Rc8 35. Qe7 Qh3 36. Nxe5 Nxe5 37. Qxe5 d4 38. f3 Re8 39. Qxd4 Qxg3+ 40. Kh1 Kh7
41. Qd3+ g6 42. h5 Re5 43. hxg6+ fxg6 44. Qd6 Rh5#
0-1

[Event "1st Advent"]
[Site "SchemingMind.com"]
[Date "2021.02.10"]
[Round "-"]
[White "Greg Magne"]
[Black "kenneth m day"]
[Result "1-0"]
[WhiteCountry "CAN"]
[BlackCountry "USA"]
[WhiteElo "1862"]
[WhiteRD "89"]
[BlackElo "1663"]
[BlackRD "57"]
[GameID "708169"]

1. e4 e5 2. f4 exf4 3. Bc4 Nc6 4. Nf3 g5 5. d4 Bg7 6. c3 d6 7. h4 h6 8. hxg5 hxg5 9. Rxh8 Bxh8 10. Qe2 Bg4
11. Na3 Qe7 12. Bd2 O-O-O 13. O-O-O Bf6 14. Rh1 Re8 15. Bd3 Qd7 16. Qf2 Nge7 17. g3 Ng6 18. Rh6 Rh8 19. Rxh8+ Nxh8 20. gxf4 gxf4
21. Bxf4 Ng6 22. Be3 Qe7 23. Nd2 Kb8 24. Nc2 Bd7 25. d5 Nce5 26. Be2 Bh4 27. Qg1 c6 28. Bxa7+ Ka8 29. dxc6 Bxc6 30. Bb6 Bg5
31. Kd1 Bf6 32. Nd4 Nd7 33. Nxc6 bxc6 34. Bd4 c5 35. Bxf6 Nxf6 36. Qg5 Kb7 37. Bf3 Qe6 38. b3 Ne5 39. Bg2 Nd3 40. e5+ Nd5
41. exd6 Nf4 42. Qe7+ Kc8 43. Qxe6+ fxe6 44. Bxd5 Nxd5 45. Ne4 Kd7 46. Kc2 Kc6 47. a4 Kb7 48. Nxc5+ Kc6 49. d7 Kc7 50. Nxe6+ Kxd7
51. Nc5+ Kc6 52. b4 Kb6 53. Kd3 Nc7 54. Kd4 Kc6 55. c4 Kb6 56. a5+ Ka7 57. b5 Kb8 58. b6 Na8 59. Kd5
1-0

[Event "1st Advent"]
[Site "SchemingMind.com"]
[Date "2021.02.10"]
[Round "-"]
[White "kenneth m day"]
[Black "Greg Magne"]
[Result "0-1"]
[WhiteCountry "USA"]
[BlackCountry "CAN"]
[WhiteElo "1704"]
[WhiteRD "52"]
[BlackElo "1839"]
[BlackRD "91"]
[GameID "708170"]

1. e4 e5 2. Nf3 Nc6 3. c3 d5 4. Qa4 f6 5. d3 Bc5 6. b4 Bb6 7. Nbd2 Bd7 8. Qb3 dxe4 9. Nxe4 Qe7 10. Be2 Nh6
11. a4 a5 12. b5 Nd8 13. Ba3 Qf7 14. Qxf7+ Nhxf7 15. O-O Ne6 16. Nfd2 O-O-O 17. Nc4 Nf4 18. Rfe1 Bf5 19. Nxb6+ cxb6 20. Bf1 Nxd3
21. Re3 Bxe4 22. Rxe4 Nc5 23. Rc4 Nd6 24. Rg4 Nf5 25. Bc4 Kc7 26. Ba2 h5 27. Rc4 Nd6 28. Rxc5+ bxc5 29. Bxc5 b6 30. Be3 Rd7
31. h3 Ne4 32. c4 g5 33. Rc1 Rhd8 34. Kh2 Rd1 35. Rxd1 Rxd1 36. Bb3 Rd6 37. Bc2 Nc5 38. Kg3 e4 39. Bxc5 bxc5 40. Bxe4 Rd4
41. Bd5 Rd3+ 42. Kh2 Ra3 43. Bf3 Rxa4 44. Bd5 Rb4 45. Kg1 a4
0-1

[Event "1st Advent"]
[Site "SchemingMind.com"]
[Date "2021.02.19"]
[Round "-"]
[White "Rommel85"]
[Black "David Hartley"]
[Result "1/2-1/2"]
[WhiteCountry "CUB"]
[BlackCountry "ENG"]
[WhiteElo "2053"]
[WhiteRD "152"]
[BlackElo "1738"]
[BlackRD "84"]
[GameID "708404"]

1. e4 e5 2. Nf3 Nc6 3. Bc4 Nf6 4. d3 Bc5 5. c3 a6 6. Bb3 d6 7. O-O Ba7 8. Re1 O-O 9. h3 h6 10. Nbd2 Re8
11. Nf1 Be6 12. Be3 Bxe3 13. Nxe3 Bxb3 14. Qxb3 b6 15. Rad1 Qe7 16. d4 Rac8 17. Nd5 Nxd5 18. exd5 Na5 19. Qa4 e4 20. Nd2 f5
21. b4 Nb7 22. Qxa6 Rb8 23. Re3 Nd8 24. f3 Qg5 25. Rde1=
1/2-1/2

[Event "1st Advent"]
[Site "SchemingMind.com"]
[Date "2021.02.19"]
[Round "-"]
[White "David Hartley"]
[Black "Rommel85"]
[Result "0-1"]
[WhiteCountry "ENG"]
[BlackCountry "CUB"]
[WhiteElo "1718"]
[WhiteRD "77"]
[BlackElo "2186"]
[BlackRD "131"]
[GameID "708405"]

1. e4 e5 2. Nf3 Nc6 3. Bb5 a6 4. Ba4 Nf6 5. O-O Be7 6. Re1 b5 7. Bb3 d6 8. c3 O-O 9. h3 h6 10. d4 Re8
11. Nbd2 Bd7 12. Nf1 Bf8 13. Ng3 Na5 14. Bc2 c5 15. dxc5 dxc5 16. Be3 Nc4 17. Bc1 g6 18. Bb3 Nb6 19. Bc2 Qc7 20. Be3 Kh7
21. Qe2 c4 22. Rad1 Na4 23. Rb1 Be6 24. Bxa4 bxa4 25. a3 Rab8 26. Rbd1 Rb5 27. Bc1 Nd7 28. Rd2 Nc5 29. Rdd1 Nd3 30. Rf1 Reb8
31. Rd2 Qb7 32. Nh1 Nxc1 33. Rxc1 Rxb2 34. Ra1 Rb1+ 35. Rxb1 Qxb1+ 36. Kh2 Bxa3 37. Nxe5 Bc1
0-1

[Event "1st Advent"]
[Site "SchemingMind.com"]
[Date "2021.02.18"]
[Round "-"]
[White "Servelión Graterol Hernández"]
[Black "Geoffrey Rosser"]
[Result "1-0"]
[WhiteCountry "VEN"]
[BlackCountry "ENG"]
[WhiteElo "2510"]
[WhiteRD "88"]
[BlackElo "1907"]
[BlackRD "63"]
[GameID "708486"]

1. Nf3 c5 2. c4 Nc6 3. Nc3 Nf6 4. g3 d5 5. d4 e6 6. cxd5 Nxd5 7. Bg2 cxd4 8. Nxd4 Bb4 9. O-O Nxd4 10. Nxd5 O-O
11. Nxb4 a5 12. Be3 Nf5 13. Qxd8 Rxd8 14. Rfd1 Bd7 15. Bb6
1-0

[Event "1st Advent"]
[Site "SchemingMind.com"]
[Date "2021.02.19"]
[Round "-"]
[White "Geoffrey Rosser"]
[Black "Servelión Graterol Hernández"]
[Result "0-1"]
[WhiteCountry "ENG"]
[BlackCountry "VEN"]
[WhiteElo "1921"]
[WhiteRD "59"]
[BlackElo "2570"]
[BlackRD "83"]
[GameID "708487"]

1. e4 c5 2. Nf3 d6 3. d4 cxd4 4. Nxd4 Nf6 5. f3 e5 6. Bb5+ Nbd7 7. Nf5 d5 8. exd5 a6 9. Bxd7+ Qxd7 10. Ne3 b5
11. Nc3 Bb7 12. O-O Rd8 13. Ne4 Nxd5 14. Nxd5 Bxd5 15. Be3 Qc6 16. Qe2 Bc4 17. Qf2 Bxf1 18. Rxf1 f5 19. Ng5 Be7 20. Qh4 h6
21. f4 O-O 22. Qh5 exf4 23. Bxf4 hxg5
0-1

[Event "1st Advent"]
[Site "SchemingMind.com"]
[Date "2021.02.21"]
[Round "-"]
[White "Thomas Jacob Kelly"]
[Black "Trefor"]
[Result "0-1"]
[WhiteCountry "USA"]
[BlackCountry "WLS"]
[WhiteElo "1786"]
[WhiteRD "75"]
[BlackElo "2036"]
[BlackRD "150"]
[GameID "708517"]

1. e4 e6 2. d4 d5 3. Nc3 Nf6 4. Bg5 Be7 5. e5 Nfd7 6. h4 Nc6 7. Nf3 h6 8. Be3 a6 9. Ne2 b5 10. a3 Nb6
11. b3 Bd7 12. g4 a5 13. Ng3 a4 14. Bxb5 axb3 15. cxb3 Bxa3 16. Ba4 Bb4+ 17. Kf1 Be7 18. Kg2 g6 19. Ne2 Kf8 20. h5 g5
21. Kh3 f5 22. Qc1 fxg4+ 23. Kxg4 Nxa4 24. bxa4 Nb4 25. Ne1 Rxa4 26. Rxa4 Bxa4 27. Ng3 Qe8 28. Qxc7 Kg7 29. Ng2 Rf8 30. f4 Rf7
31. f5 exf5+ 32. Nxf5+ Rxf5 33. Kxf5 Bd7+ 34. e6 Qf7+ 35. Kg4 Qxe6+ 36. Kf3 Bd6
0-1

[Event "1st Advent"]
[Site "SchemingMind.com"]
[Date "2021.02.21"]
[Round "-"]
[White "Trefor"]
[Black "Thomas Jacob Kelly"]
[Result "1-0"]
[WhiteCountry "WLS"]
[BlackCountry "USA"]
[WhiteElo "2036"]
[WhiteRD "150"]
[BlackElo "1786"]
[BlackRD "75"]
[GameID "708518"]

1. d4 Nf6 2. Nf3 g6 3. c4 Bg7 4. Nc3 d6 5. e4 O-O 6. Be2 e5 7. d5 a5 8. O-O a4 9. Bg5 Qe8 10. h3 a3
11. b4 Na6 12. Qb3 c6 13. Bxf6 Bxf6 14. Qxa3 Nc7 15. Qb3 Bd7 16. Rab1 b5 17. dxc6 Bxc6 18. Rfd1 Be7 19. Rbc1 Kg7 20. cxb5 Nxb5
21. Nxb5 Bxb5 22. Bxb5 Qxb5 23. Rc2 h6 24. Rd5 Qa4 25. Rc7 Bd8 26. Qxa4 Rxa4 27. Rb7 Rxa2 28. Rxd6 Rb2 29. Nxe5 Bf6 30. Nd3 Rb1+
31. Kh2 Re8 32. Rdd7 g5 33. e5 Bxe5+ 34. Nxe5 Rxe5 35. Rxf7+ Kg6 36. Rg7+ Kf5 37. g4+ Ke4 38. Rg6
1-0

[Event "1st Advent"]
[Site "SchemingMind.com"]
[Date "2021.02.20"]
[Round "-"]
[White "Dilectus"]
[Black "Transcendent"]
[Result "0-1"]
[WhiteCountry "USA"]
[BlackCountry "ENG"]
[WhiteElo "1377"]
[WhiteRD "238"]
[BlackElo "2065"]
[BlackRD "62"]
[GameID "708560"]

1. d4 d5 2. c4 c6 3. Nf3 Nf6 4. Nc3 dxc4 5. a4 Bf5 6. e3 e6 7. Bxc4 Bb4 8. O-O Nbd7 9. Qe2 Bg6 10. e4 O-O
11. Bd3 Bh5
0-1

[Event "1st Advent"]
[Site "SchemingMind.com"]
[Date "2021.02.27"]
[Round "-"]
[White "ray winteringham"]
[Black "grabapawn"]
[Result "0-1"]
[WhiteCountry "ENG"]
[BlackCountry "USA"]
[WhiteElo "1433"]
[WhiteRD "51"]
[BlackElo "1519"]
[BlackRD "62"]
[GameID "708803"]

1. g3 d5 2. d4 Nf6 3. Bg2 Bf5 4. c4 c6 5. Nc3 e6 6. a3 Bd6 7. c5 Bc7 8. e3 h5 9. h4 Ng4 10. b4 Qf6
11. Nge2 Nd7 12. O-O g5 13. e4 gxh4 14. Nf4 dxe4 15. f3 hxg3 16. fxg4 hxg4 17. Nce2 Qh6 18. Nxg3 e5 19. Nfh5 Bg6 20. Bxh6 Rxh6
21. Qxg4 O-O-O 22. Bxe4 Bxe4 23. Qxe4 Rg8 24. Qe3 Rxh5 25. Rxf7 exd4 26. Qf3 Rxg3+ 27. Qxg3 Bxg3 28. Rd1 Bh2+ 29. Kg2 Be5 30. Rdf1 d3
31. Rd1 d2 32. Kf1 Bc3 33. Ke2 Rh2+ 34. Ke3 Rh3+ 35. Ke4 Rh4+ 36. Kd3 Rh3+ 37. Kc2 b6 38. Rf5 a5 39. Rdf1 Re3 40. R1f3 Re1
41. Rd3 Rc1+ 42. Kb3 a4+ 43. Kc4 b5#
0-1

[Event "1st Advent"]
[Site "SchemingMind.com"]
[Date "2021.02.27"]
[Round "-"]
[White "grabapawn"]
[Black "ray winteringham"]
[Result "0-1"]
[WhiteCountry "USA"]
[BlackCountry "ENG"]
[WhiteElo "1519"]
[WhiteRD "62"]
[BlackElo "1433"]
[BlackRD "51"]
[GameID "708804"]

1. d4 d5 2. Bf4 e6 3. Nf3 Bd6 4. Bg3 Bxg3 5. hxg3 Nf6 6. e3 Bd7 7. c3 Nc6 8. Bd3 a6 9. Nbd2 Qe7 10. Nb3 O-O-O
11. Nc5 Nb8 12. Qb3 b5 13. Ne5 Bc6 14. a4 Nfd7 15. Nxc6 Nxc6 16. Bxb5 Nxc5 17. dxc5 axb5 18. axb5 Nb8 19. c6 Qc5 20. Qa4 Rde8
21. Qa8 Qxb5 22. Ra7 Qxc6 23. Kd2 Kd7 24. Rha1 Qxa8 25. Rxa8 Nc6 26. R8a4 Rb8 27. b4 Rb7 28. Kd3 e5 29. Rb1 e4+ 30. Kd2 Ne5
31. f4 Nc4+ 32. Ke2 Rhb8 33. g4 h6 34. g3 g6 35. Rh1 Rh8 36. g5 h5 37. Raa1 Rc8 38. g4 hxg4 39. Rh7 Ke6 40. Ra6+ Rb6
41. Ra1 Rb7 42. Rf1 f5 43. Rfh1 Nd6 44. R1h6 Rg8 45. Rh1= c6 46. R7h2 Nb5 47. Kd2 Rgg7 48. Rh6 Nd6 49. Kc2 Nc4 50. Re1 Kd6
51. Rh8 c5 52. Rd8+ Rbd7 53. Rxd7+ Rxd7 54. bxc5+ Kxc5 55. Re2 Rb7 56. Kc1 Rb3 57. Kc2 Rb2+ 58. Kd1 Rxe2 59. Kxe2 Kb5
0-1

[Event "1st Advent"]
[Site "SchemingMind.com"]
[Date "2021.02.28"]
[Round "-"]
[White "Derek"]
[Black "Helga1946"]
[Result "0-1"]
[WhiteCountry "INT"]
[BlackCountry "GER"]
[WhiteElo "1679"]
[WhiteRD "116"]
[BlackElo "2289"]
[BlackRD "64"]
[GameID "708816"]

1. d4 d5 2. c4 e6 3. Nf3 Nf6 4. Nc3 Bb4 5. Bd2 O-O 6. e3 b6 7. a3 Be7 8. Bd3 Nbd7 9. O-O Bb7 10. b4 dxc4
11. Bxc4 c5 12. Rb1 cxd4 13. Nxd4 Ne5 14. Bb3 Ba6 15. b5 Bb7 16. a4 Rc8 17. Qe2 Bc5 18. Nc2 Bf3 19. gxf3 Qxd2
0-1

[Event "1st Advent"]
[Site "SchemingMind.com"]
[Date "2021.03.01"]
[Round "-"]
[White "Helga1946"]
[Black "Derek"]
[Result "1-0"]
[WhiteCountry "GER"]
[BlackCountry "INT"]
[WhiteElo "2289"]
[WhiteRD "64"]
[BlackElo "1679"]
[BlackRD "116"]
[GameID "708817"]

1. c4 g6 2. d4 Bg7 3. e4 c6 4. Nf3 d6 5. Nc3 Bg4 6. Be2 e6 7. O-O Nf6 8. Be3 O-O 9. h3 Bxf3 10. Bxf3 Nbd7
11. Rc1 Nb6 12. Be2 Qc7 13. f4 c5 14. e5 Nfd7 15. exd6 Qc6 16. dxc5 Nxc5 17. Bf3 Qc8 18. b4 Nxc4 19. Bxc5 Rd8 20. Qd3 Na3
21. Na4
1-0

[Event "1st Advent"]
[Site "SchemingMind.com"]
[Date "2021.03.24"]
[Round "-"]
[White "ray winteringham"]
[Black "Carlos Vila Hernández"]
[Result "0-1"]
[WhiteCountry "ENG"]
[BlackCountry "CUB"]
[WhiteElo "1433"]
[WhiteRD "51"]
[BlackElo "1992"]
[BlackRD "113"]
[GameID "709836"]

1. e4 e5 2. Bc4 Nf6 3. c3 Nxe4 4. Bxf7+ Kxf7 5. Qh5+ g6 6. Qxe5 Bh6 7. Ne2 d5 8. d3 Re8 9. Qd4 Bxc1 10. Nxc1 Ng3+
11. Kd2 Nxh1 12. Ne2 Nc6 13. Qa4 Qf6 14. Qf4 Rxe2+
0-1

[Event "1st Advent"]
[Site "SchemingMind.com"]
[Date "2021.03.24"]
[Round "-"]
[White "Carlos Vila Hernández"]
[Black "ray winteringham"]
[Result "1-0"]
[WhiteCountry "CUB"]
[BlackCountry "ENG"]
[WhiteElo "2025"]
[WhiteRD "112"]
[BlackElo "1467"]
[BlackRD "51"]
[GameID "709837"]

1. e4 e5 2. Nf3 d6 3. d4 Bg4 4. dxe5 Be7 5. exd6 Bxd6 6. h3 Bb4+ 7. Nbd2 Bxf3 8. Qxf3 Nc6 9. c3 Bd6 10. Nc4 Nf6
11. Bg5 Be7 12. e5 Nd7 13. Bf4 Rb8 14. Rd1 Qc8 15. Qg3 O-O 16. Bh6 g6 17. Bxf8 Qxf8 18. Rxd7 Rc8 19. h4 Bc5 20. h5 Qh6
21. hxg6 Qc1+ 22. Rd1 Qc2 23. gxf7+ Kh8 24. Bd3 Bxf2+ 25. Qxf2 Qxf2+ 26. Kxf2 Rf8 27. Rxh7#
1-0

[Event "1st Advent"]
[Site "SchemingMind.com"]
[Date "2021.03.29"]
[Round "-"]
[White "ramesse"]
[Black "Clive Everill"]
[Result "1-0"]
[WhiteCountry "SVK"]
[BlackCountry "CZE"]
[WhiteElo "2558"]
[WhiteRD "79"]
[BlackElo "1730"]
[BlackRD "59"]
[GameID "709996"]

1. e4 d6 2. d4 g6 3. Nc3 a6 4. Nf3 Bg7 5. Bc4 e6 6. O-O Ne7 7. Be3 b5 8. Bd3 Bb7 9. a4 b4 10. Ne2 Nbc6
11. Re1 O-O 12. a5 Na7 13. Qd2 Nac6 14. h4 f5 15. Bh6 Rb8 16. Bxg7 Kxg7 17. Nf4 Bc8 18. Bxa6 Bd7 19. Ng5 Rf6 20. e5 d5
21. exf6+ Kxf6 22. Nfxe6 Bxe6 23. Rxe6+ Kg7 24. Rxc6
1-0

[Event "1st Advent"]
[Site "SchemingMind.com"]
[Date "2021.03.30"]
[Round "-"]
[White "Clive Everill"]
[Black "ramesse"]
[Result "0-1"]
[WhiteCountry "CZE"]
[BlackCountry "SVK"]
[WhiteElo "1730"]
[WhiteRD "59"]
[BlackElo "2558"]
[BlackRD "79"]
[GameID "709997"]

1. e4 e5 2. Nc3 Nf6 3. f4 d5 4. fxe5 Nxe4 5. d3 Nxc3 6. bxc3 d4 7. Nf3 Nc6 8. Be2 dxc3 9. Be3 Qd5 10. O-O Nxe5
11. Nxe5 Qxe5 12. Bf4 Qd4+ 13. Kh1 Bd6 14. Bxd6 cxd6 15. Bh5 O-O 16. Qf3 g6 17. Qg3 Bd7 18. Rf4 Qc5 19. Bf3 d5 20. Rh4 Rae8
21. Qf4 Re7 22. Qh6 f5 23. a4 Rfe8 24. h3 Re1+ 25. Rxe1 Rxe1+ 26. Kh2 Qc7+ 27. g3 Bc6 28. a5 d4 29. Bxc6 bxc6 30. Rxd4 Re2+
31. Kh1 c5 32. Rf4 Qb7+
0-1

[Event "1st Advent"]
[Site "SchemingMind.com"]
[Date "2021.04.11"]
[Round "-"]
[White "Servelión Graterol Hernández"]
[Black "Derek Price"]
[Result "1-0"]
[WhiteCountry "VEN"]
[BlackCountry "ENG"]
[WhiteElo "2610"]
[WhiteRD "69"]
[BlackElo "2231"]
[BlackRD "67"]
[GameID "710502"]

1. e4 c5 2. Nf3 d6 3. d4 cxd4 4. Nxd4 Nf6 5. Nc3 a6 6. Be3 e5 7. Nb3 Be6 8. f3 h5 9. Nd5 Bxd5 10. exd5 Nbd7
11. Qd2 g6 12. Be2 Bg7 13. O-O b6 14. c4 O-O 15. Rae1 Re8 16. Kh1 Rc8 17. Qd1 a5 18. Nd2 Nc5 19. b3 Qd7 20. Qc2 Na6
21. Qb1 Nc5 22. Ne4 Nfxe4 23. fxe4 Kh7 24. a3 Bh6 25. Bxh6 Kxh6 26. b4 axb4 27. axb4 Na4 28. Rf3 Kg7 29. Ref1 Rf8 30. Qc1 b5
31. c5 dxc5 32. Qg5 cxb4 33. Rf6 Nc3 34. Bxh5 Nxe4 35. Rxf7+ Qxf7 36. Rxf7+ Rxf7 37. Qxg6+ Kh8 38. h3 Rf1+ 39. Kh2 Nf6 40. Qh6+ Kg8
41. d6 b3 42. Qg5+ Kh8 43. Be2 b2 44. Bxf1 b1=Q 45. Qxf6+ Kh7 46. Qf3 Qc1 47. Bd3+ Kg8 48. Qg4+ Kf8 49. Qf5+ Kg7 50. d7 Ra8
51. Be4 Qa3 52. Qg6+ Kf8 53. Bd5 Ke7 54. Qe6+ Kd8 55. Qe8+ Kc7 56. d8=Q+ Rxd8 57. Qc6+ Kb8 58. Qb7#
1-0

[Event "1st Advent"]
[Site "SchemingMind.com"]
[Date "2021.04.10"]
[Round "-"]
[White "Derek Price"]
[Black "Servelión Graterol Hernández"]
[Result "0-1"]
[WhiteCountry "ENG"]
[BlackCountry "VEN"]
[WhiteElo "2231"]
[WhiteRD "67"]
[BlackElo "2610"]
[BlackRD "69"]
[GameID "710503"]

1. c4 e5 2. Nc3 Nf6 3. g3 Bb4 4. Bg2 O-O 5. Nf3 Re8 6. O-O e4 7. Nd4 Nc6 8. Nxc6 dxc6 9. Qc2 Bf5 10. a3 Bf8
11. Nd1 c5 12. Ne3 Bg6 13. b3 h5 14. Bb2 h4 15. Bc3 Nh5 16. Rfe1 f5 17. Nf1 f4 18. d3 fxg3 19. hxg3 hxg3 20. Nxg3 Nxg3
21. fxg3 Bd6 22. Rf1 Bxg3 23. e3 Qh4 24. Rf4 Qh2+ 25. Kf1 Rad8 26. Ra2 Bxf4 27. exf4 Rxd3 28. Be1 Qxf4+ 29. Kg1 Bh5 30. b4 Bf3
31. Qf2 Re6 32. Bd2 Qg4 33. Be1 Rd1 34. Qf1 Rg6 35. Kh2 Rxe1 36. Qxe1 Bxg2 37. Qe2 Rh6+ 38. Kg1 Rh1+ 39. Kf2 e3+ 40. Qxe3 Rf1#
0-1

[Event "1st Advent"]
[Site "SchemingMind.com"]
[Date "2021.04.12"]
[Round "-"]
[White "David Connolly"]
[Black "Helga1946"]
[Result "1/2-1/2"]
[WhiteCountry "WLS"]
[BlackCountry "GER"]
[WhiteElo "2024"]
[WhiteRD "68"]
[BlackElo "2289"]
[BlackRD "64"]
[GameID "710546"]

1. d4 Nf6 2. c4 e6 3. Nc3 Bb4 4. Qc2 d5 5. cxd5 exd5 6. Bg5 h6 7. Bxf6 Qxf6 8. a3 Bxc3+ 9. Qxc3 O-O 10. e3 Bf5
11. Ne2 c6 12. Ng3 Bg6 13. Be2 Nd7 14. b4 Qe7 15. O-O Nf6 16. Bd3 Bxd3 17. Qxd3 Rfe8 18. b5=
1/2-1/2

[Event "1st Advent"]
[Site "SchemingMind.com"]
[Date "2021.04.11"]
[Round "-"]
[White "Helga1946"]
[Black "David Connolly"]
[Result "1-0"]
[WhiteCountry "GER"]
[BlackCountry "WLS"]
[WhiteElo "2289"]
[WhiteRD "64"]
[BlackElo "2024"]
[BlackRD "68"]
[GameID "710547"]

1. b4 e5 2. Bb2 Bxb4 3. Bxe5 Nf6 4. c4 O-O 5. e3 d5 6. Nf3 Re8 7. cxd5 Nxd5 8. a3 Bf8 9. Be2 c5 10. Qc2 Nc6
11. Bb2 Qb6 12. Nc3 Nce7 13. Bc4 Nxc3 14. Ng5
1-0

[Event "1st Advent"]
[Site "SchemingMind.com"]
[Date "2021.04.15"]
[Round "-"]
[White "Gilligan"]
[Black "Greg Magne"]
[Result "0-1"]
[WhiteCountry "USA"]
[BlackCountry "CAN"]
[WhiteElo "1725"]
[WhiteRD "56"]
[BlackElo "1862"]
[BlackRD "89"]
[GameID "710613"]

1. e4 c5 2. Nf3 d6 3. d4 cxd4 4. Nxd4 Nf6 5. Nc3 a6 6. Be3 e5 7. Nb3 Be6 8. Qd2 Nbd7 9. O-O-O Be7 10. h4 b5
11. a3 Nc5 12. Bxc5 dxc5 13. Qxd8+ Rxd8 14. Rxd8+ Kxd8 15. Na5 Kc7 16. f3 Rd8 17. Be2 c4 18. g4 Kb6 19. g5 Nh5 20. Nxc4+ bxc4
21. Re1 Nf4 22. Bf1 h6 23. Kb1 hxg5 24. hxg5 Bxg5
0-1